000 00584cam a2200229 4500
008 090401t1994 xxu||||| |||| 00| 0 eng d
020 _a1857280229
035 _a(Sirsi) u43926
041 _aeng
050 _a711.4
100 _aAdams, D.
245 _aUrban planning and the development process
260 _aLondon
_bUCL Press Ltd.
_c1994
300 _aviii, 248p. ; 24cm.
350 _a11.99
650 _aLAND DEVELOPMENT
650 _aPROPERTY DEVELOPMENT
650 _aURBAN PLANNING
690 _aPLANNING LAW AND PRACTICE
942 _n0
948 _c04/03/1997
999 _c91409
_d91409